000 00381nam a2200145Ia 4500
008 230917s9999||||xx |||||||||||||| ||und||
040 _e164079
_aMAIN
041 _aEnglish
082 _a362.256 M132F
100 _aMcClintock, J Thomas
245 0 _aForensic DNA analysis: A laboratory manual
260 _aBoca Raton
_bCRC Press
_c2008
300 _axiii, 161 p.
942 _cBK
999 _c150720
_d150720